Haz clic en los países modernos de Alemania nazi en un mapa. - Estadísticas

Estadísticas generales
  • Esta prueba ha sido intentada 68 veces
  • La puntuación promedio es 19 de 20
Respuestas en el mapa
Las respuestas están codificadas por una escala verde-roja en el mapa de la prueba según el % correcto abajo.
 
Estadísticas de respuestas
Respuesta % Correcto
Alemania
100%
Dinamarca
98%
Rusia
98%
Lituania
96%
Países Bajos
96%
Polonia
96%
Austria
94%
Bélgica
94%
Bielorrusia
94%
Estonia
94%
Francia
94%
Grecia
94%
Noruega
94%
Luxemburgo
93%
República Checa
93%
Ucrania
93%
Eslovaquia
91%
Eslovenia
91%
Serbia
91%
Letonia
87%
No se encontraron pruebas coincidentes
Distribución de puntuación
Porcentaje de gente con cada puntuación
Porcentaje por número respondido
Historial de tus puntuaciones
No has intentado esta prueba.